Essai critique et theorique sur l'association en Psychologie / (Record no. 145029)

MARC details
000 -LEADER
campo de control de longitud fija 00492nam a2200157 4500
001 - NÚMERO DE CONTROL
campo de control 145029
003 - IDENTIFICADOR DE NÚMERO DE CONTROL
campo de control ES-MaACL
005 - FECHA Y HORA DE LA ÚLTIMA TRANSACCIÓN
campo de control 20230906201141.0
007 - CAMPO FIJO DE DESCRIPCIÓN FÍSICA--INFORMACIÓN GENERAL
campo de control de longitud fija t|
008 - DATOS DE LONGITUD FIJA--INFORMACIÓN GENERAL
campo de control de longitud fija 070214s1907 fr r ||||1| fre d
100 1# - ENTRADA PRINCIPAL--NOMBRE DE PERSONA
Nombre de persona Sollier, Paul.
9 (RLIN) 107228
245 10 - MENCIÓN DEL TÍTULO
Título Essai critique et theorique sur l'association en Psychologie /
Mención de responsabilidad, etc. par le Dr. Paul Sollier.
260 ## - PUBLICACIÓN, DISTRIBUCIÓN, ETC.
Lugar de publicación, distribución, etc. Paris :
Nombre del editor, distribuidor, etc. Félix Alcan,
Fecha de publicación, distribución, etc. 1907 (
Lugar de fabricación/manufactura Tours :
Fabricante E. Arrault et Cie.)
300 ## - DESCRIPCIÓN FÍSICA
Extensión VII, 187 p. ;
Dimensiones 18 cm.
852 ## - LOCALIZACIÓN
Ubicación ES-MaACL
Número de control de estantería F-11705
Holdings
Estatus retirado Estado de pérdida Estado de daño No para préstamo Biblioteca de origen Biblioteca actual Ubicación en estantería Fecha de adquisición Fuente de adquisición Total de préstamos Signatura topográfica completa Código de barras Visto por última vez Precio de reemplazo Tipo de ítem Koha
        Biblioteca del Ateneo de Madrid Biblioteca del Ateneo de Madrid Sala Pecera Planta 2 17/01/2008     F-11705 1151391 23/02/2023 23/02/2023 Libro impreso